Three Popes and the Jews (Record no. 59881)

MARC details
000 -LEADER
fixed length control field 00481nam a2200133 a 4500
008 - FIXED-LENGTH DATA ELEMENTS--GENERAL INFORMATION
fixed length control field 120416s1967 ||||||||||||||||| || u
050 ## - LIBRARY OF CONGRESS CALL NUMBER
Classification number BM 535 Lap
100 ## - MAIN ENTRY--PERSONAL NAME
Personal name Lapide, Pinchas E
245 10 - TITLE STATEMENT
Title Three Popes and the Jews
260 ## - PUBLICATION, DISTRIBUTION, ETC.
Place of publication, distribution, etc. New York
Name of publisher, distributor, etc. Hawthorn Books
Date of publication, distribution, etc. 1967
300 ## - PHYSICAL DESCRIPTION
Extent 384p. : ill.
350 ## - PRICE (NR) (BK AM CF MU VM SE) [OBSOLETE]
Price 0.00
995 ## - RECOMMENDATION 995 [LOCAL, UNIMARC FRANCE]
-- 0.00
-- CBU-MAIN LIBRARY (Kitwe)
-- 1
-- 3.75
-- 1
-- AVAILABLE
-- Aug 1, 2006
-- Main Library Open Access Collection
Holdings
Withdrawn status Lost status Source of classification or shelving scheme Damaged status Not for loan Home library Current library Shelving location Date acquired Total Checkouts Full call number Barcode Date last seen Price effective from Koha item type
          CBU-MAIN LIBRARY, KITWE. CBU-MAIN LIBRARY, KITWE.   11/30/2022   BM 535 Lap 001119 11/30/2022 11/30/2022 MONOGRAPH